000 00297nam a22001457a 4500
999 _c166036
_d166036
082 _a909.03
_b
100 _a
245 _aOxford dictionary of world history/
_c
260 _aNew Delhi:
_bOxford,
_c2006.
300 _a712p.
490 _a
650 _a
700 _a
942 _cBK